Applying modula-2 (Record no. 18653)
[ view plain ]
| 000 -LEADER | |
|---|---|
| fixed length control field | 00376nam a2200157 a 4500 |
| 005 - DATE AND TIME OF LATEST TRANSACTION | |
| control field | 20131010142620.0 |
| 008 - FIXED-LENGTH DATA ELEMENTS--GENERAL INFORMATION | |
| fixed length control field | 960221s1955 dcuabcdjdbkoqu001 0deng d |
| 100 ## - MAIN ENTRY--PERSONAL NAME | |
| Personal name | Johnston, Chris |
| 245 ## - TITLE STATEMENT | |
| Title | Applying modula-2 |
| 260 ## - PUBLICATION, DISTRIBUTION, ETC. (IMPRINT) | |
| Place of publication, distribution, etc | San Diego |
| Name of publisher, distributor, etc | Academic Press |
| Date of publication, distribution, etc | 1991 |
| 300 ## - PHYSICAL DESCRIPTION | |
| Extent | xv, 410p. |
| 500 ## - GENERAL NOTE | |
| General note | |
| 653 ## - INDEX TERM--UNCONTROLLED | |
| Uncontrolled term | Computer science |
| -- | modula-2 |
| 942 ## - ADDED ENTRY ELEMENTS (KOHA) | |
| item type | Books |
| 003 - CONTROL NUMBER IDENTIFIER | |
| control field | ViArRB |
| Lost status | Source of classification or shelving scheme | Not for loan | Home library | Current library | Shelving location | Date acquired | Total Checkouts | Full call number | Barcode | Date last seen | Price effective from | Koha item type |
|---|---|---|---|---|---|---|---|---|---|---|---|---|
| Universal Decimal Classification | University Library | University Library | Secondary Collection | 16/06/2010 | 004.432.2 JOH | 00039505 | 16/06/2010 | 16/06/2010 | Books |
